000 01167nam a2200181Ia 4500
008 100920s9999 xx 000 0 und d
082 _b18559
_a930 थ 67
100 _aपिसुर्लेकर पांडुरंग सखाराम.
245 _aपोर्तुगेज - मराठे संबध अर्थात्र पोर्तुगेजांच्या दप्तरांतील मराठ्यांचा इतिहास.
260 _bगोळे व. ह, पुणे विद्यापीठ, पुणे.
_c1967
300 _a360
_bसाधी
365 _b12
520 _aइतिहास.
630 _aपोर्तुगेज - मराठे संबध अर्थात्र पोर्तुगेजांच्या दप्तरांतील मराठ्यांचा इतिहास.
650 _aइतिहास.
730 _aपोर्तुगेज - मराठे संबध अर्थात्र पोर्तुगेजांच्या दप्तरांतील मराठ्यांचा इतिहास.
942 _cBOOK
999 _c680140
_d680137